| 000 | 01045nas a2200325 4500 | ||
|---|---|---|---|
| 001 | BR0303691 | ||
| 003 | BR-BrBNA | ||
| 005 | 20231205103943.0 | ||
| 007 | ta | ||
| 008 | 230509b bl.|||p| |||| 00| 00por d | ||
| 040 |
_aBR-BrBNA _bpor _cBiblioteca Nacional de Agricultura |
||
| 041 | _a(Pt) | ||
| 072 | _aL73; L50 | ||
| 100 | 1 | _aBueno, M.A. | |
| 100 | 1 | _aMathias, L.A. | |
| 100 | 1 | _aGirio, R.J.S. | |
| 245 | 1 | _aEstudo sorológico sobre a brucelose em eqüinos no Estado de São Paulo e freqüência de aglutinações sensíveis ao 2-mercaptoetanol e ao ácido etileno diamino tetracético (EDTA) | |
| 650 | _aEQUINO | ||
| 650 | _aBRUCELOSE | ||
| 650 | _aSORO-AGLUTINAÇÃO | ||
| 650 | _aANÁLISE QUANTITATIVA | ||
| 650 | _aBIOQUÍMICA ANIMAL | ||
| 650 | _aSORO-SANGUÍNEO | ||
| 650 | _aAMOSTRAGEM | ||
| 650 | _aDIAGNÓSTICO | ||
| 650 | _aSÃO PAULO | ||
| 773 | 0 |
_tArs Veterinária (Brazil) _xISSN 0102-6380 _g(Dec 2002), v. 18(3) p. 280-286 _wBR0303691 |
|
| 909 |
_a202311 _bLúcia _c55 _dLúcia Elande |
||
| 942 |
_2AGRIS _n0 _cANA |
||
| 999 |
_c175625 _d175625 |
||